| 000 | 00445nam a2200157Ia 4500 | ||
|---|---|---|---|
| 008 | 151021s9999 xx 000 0 und d | ||
| 020 | _a9.7805343776e+012 | ||
| 050 | _aQA 276.12 .W67 2002 | ||
| 245 | _a_Introduction to stastistics George Woodbury | ||
| 260 | _aBelmont Brooks 2002 | ||
| 300 | _axx,700p.;ill | ||
| 500 | _aIncludes index. | ||
| 500 | _aIncludes index. | ||
| 650 | _a_Statistics | ||
| 980 | _a^d20120828 03:42:44^oanne | ||
| 999 |
_c12592 _d12592 |
||